书目信息 |
| 题名: |
妨害文物管理罪
|
|
| 作者: | 谢望原 主编 | |
| 分册: | ||
| 出版信息: | 北京 中国人民公安大学出版社 2003 |
|
| 页数: | [22], 367页 | |
| 开本: | 21cm | |
| 丛书名: | 刑事法律文库 | |
| 单 册: | ||
| 中图分类: | D924.364 | |
| 科图分类: | ||
| 主题词: | 妨害文物管理罪--研究--中国 | |
| 电子资源: | ||
| ISBN: | 7-81087-258-3 | |
| 000 | 01002nam 22002532 4500 | |
| 001 | 192004000894 | |
| 005 | 20070914093531.46 | |
| 010 | @a7-81087-258-3@dCNY24.00 | |
| 100 | @a20070531d2003 ekmy0chiy0121 ea | |
| 101 | 0 | @achi |
| 102 | @aCN@b110000 | |
| 105 | @ay z 000yy | |
| 200 | 1 | @a妨害文物管理罪@Afang hai wen wu guan li zui@f主编谢望原 |
| 210 | @a北京@c中国人民公安大学出版社@d2003 | |
| 215 | @a[22], 367页@d21cm | |
| 225 | 2 | @a刑事法律文库@Axing shi fa lv wen ku@h16@i最新刑法典则实用丛书@f主编赵秉志 |
| 330 | @a本书的内容有妨害文物管理罪绪论、故意损毁文物罪、故意损毁名胜古迹罪、过失损毁文物罪、非法向外国人出售、赠送珍贵文物罪、倒卖文物罪、非法出售、私赠文物藏品罪、盗掘古文化遗址、古墓罪、盗掘古人类化石、古脊椎动物罪、抢夺、窃取国有档案罪。 | |
| 410 | 0 | @12001 @a刑事法律文库 |
| 410 | 0 | @12001 @a最新刑法典则实用丛书 |
| 606 | 0 | @a妨害文物管理罪@x研究@y中国 |
| 690 | @aD924.364@v4 | |
| 701 | 0 | @a谢望原@Axie yuan wang@4主编 |
| 801 | 0 | @aCN@c20070914 |
| 905 | @dD924.364@eX478 | |
| 妨害文物管理罪/主编谢望原.-北京:中国人民公安大学出版社,2003 |
| [22], 367页;21cm.-(刑事法律文库.16.最新刑法典则实用丛书/主编赵秉志) |
| ISBN 7-81087-258-3:CNY24.00 |
| 本书的内容有妨害文物管理罪绪论、故意损毁文物罪、故意损毁名胜古迹罪、过失损毁文物罪、非法向外国人出售、赠送珍贵文物罪、倒卖文物罪、非法出售、私赠文物藏品罪、盗掘古文化遗址、古墓罪、盗掘古人类化石、古脊椎动物罪、抢夺、窃取国有档案罪。 |
| ● |
| 相关链接 |
|
|
|
正题名:妨害文物管理罪
索取号:D924.364/X478
 
预约/预借
| 序号 | 登录号 | 条形码 | 馆藏地/架位号 | 状态 | 备注 |
| 1 | 624643 | 206246436 | 社科库509/509社科库 99排1列5层/ [索取号:D924.364/X478] | 在馆 | |
| 2 | 624644 | 206246445 | 社科库509/509社科库 99排1列5层/ [索取号:D924.364/X478] | 在馆 | |
| 3 | 624645 | 206246454 | 社科库509/509社科库 99排1列5层/ [索取号:D924.364/X478] | 在馆 |